Ngữ văn 7

Những tác phẩm văn học dân gian như tục ngữ về thiên nhiên, con người, và những bài văn nghị luận. Ôn tập và kiểm tra Văn, tiếng việt, chương trình địa phương. Giúp các em có kiến thức nền tảng và học tập tốt hơn....

全面介紹

Đã lưu trong:
書目詳細資料
主要作者: Nguyễn, Khắc Phi
格式: 圖書
語言:Undetermined
出版: Hà Nội Giáo dục 2010
主題:
標簽: 添加標簽
沒有標簽, 成為第一個標記此記錄!
Thư viện lưu trữ: Trung tâm Học liệu Trường Đại học Cần Thơ
LEADER 00964nam a2200217Ia 4500
001 CTU_157987
008 210402s9999 xx 000 0 und d
020 |c 6600 
082 |a 495.9220712 
082 |b Ph300/T.2/L.7 
100 |a Nguyễn, Khắc Phi 
245 0 |a Ngữ văn 7 
245 0 |c Nguyễn Khắc Phi (Tổng chủ biên) 
260 |a Hà Nội 
260 |b Giáo dục 
260 |c 2010 
520 |a Những tác phẩm văn học dân gian như tục ngữ về thiên nhiên, con người, và những bài văn nghị luận. Ôn tập và kiểm tra Văn, tiếng việt, chương trình địa phương. Giúp các em có kiến thức nền tảng và học tập tốt hơn. 
650 |a Vietnamese language 
650 |x Study and teaching (Secondary) 
904 |i Phan Thị Kim Lan (Ngọc Mai) 
980 |a Trung tâm Học liệu Trường Đại học Cần Thơ